Sintering Theory And Practice / (Record no. 565570)
[ view plain ]
| 000 -LEADER | |
|---|---|
| fixed length control field | 00344nam a2200121Ia 4500 |
| 008 - FIXED-LENGTH DATA ELEMENTS--GENERAL INFORMATION | |
| fixed length control field | 210430s9999 xx 000 0 und d |
| 082 ## - DEWEY DECIMAL CLASSIFICATION NUMBER | |
| Classification number | 671.373 G354S |
| 100 ## - MAIN ENTRY--PERSONAL NAME | |
| Personal name | German Randall M. |
| 9 (RLIN) | 54811 |
| 245 ## - TITLE STATEMENT | |
| Title | Sintering Theory And Practice / |
| Statement of responsibility, etc. | German Randall M. |
| 260 ## - PUBLICATION, DISTRIBUTION, ETC. | |
| Name of publisher, distributor, etc. | John Willey &Sons |
| Date of publication, distribution, etc. | 1996 |
| Place of publication, distribution, etc. | New York |
| 300 ## - PHYSICAL DESCRIPTION | |
| Extent | 550p. |
| 942 ## - ADDED ENTRY ELEMENTS (KOHA) | |
| Koha item type | Book |
| Source of classification or shelving scheme | |
| Withdrawn status | Lost status | Source of classification or shelving scheme | Damaged status | Not for loan | Permanent Location | Current Location | Shelving location | Date acquired | Full call number | Barcode | Date last seen | Price effective from | Koha item type |
|---|---|---|---|---|---|---|---|---|---|---|---|---|---|
| School of Chemical & Materials Engineering (SCME) | School of Chemical & Materials Engineering (SCME) | Book Cart | 01/16/2012 | 671.373 G354S | SCME- D67 | 04/30/2021 | 04/30/2021 | Book |
